Visualizzazione normale
Vista MARC
- Anonimo
di Personal Name
Records bibliografici associati: 1
001 - CONTROL NUMBER
- control field: 2155
003 - CONTROL NUMBER IDENTIFIER
- control field: IT-RoPau
005 - DATE AND TIME OF LATEST TRANSACTION
- control field: 20131115225621.0
008 - FIXED-LENGTH DATA ELEMENTS
- fixed length control field: 131115|| aca||aabn | a|a d
040 ## - CATALOGING SOURCE
- Original cataloging agency: IT-RoPau
- Transcribing agency: IT-RoPau
100 ## - HEADING--PERSONAL NAME
- Personal name: Anonimo
- Relator term: Autore musica
- Miscellaneous information: Codice autore musica SPICS: 2620
- Name of part/section of a work: Corrina Corrina
670 ## - SOURCE DATA FOUND
- Source citation: Work cat.: (IT-RoPau)101521: Dylan Bob 1185, Freewheelin' Bob Dylan (The)-Lp Cbs 62193